| 000 | 004250000a22001810004500 | ||
|---|---|---|---|
| 003 | MACL | ||
| 005 | 20151014125622.0 | ||
| 008 | 151014b xxu||||| |||| 00| 0 eng d | ||
| 040 |
_aMACL _cMACL |
||
| 041 | _aEnglish | ||
| 082 | _a920/TIW | ||
| 100 |
_aTiwari, Parasnath _914156 |
||
| 245 | _aKabir | ||
| 260 |
_bNatioal Book Trust _c1967 _aNew Delhi |
||
| 350 | _a1.75 | ||
| 650 |
_aBiography _914757 |
||
| 942 |
_cBK _k920 _2ddc |
||
| 999 |
_c7230 _d7230 |
||